| 000 | 01195nam a2200349 i 4500 | ||
|---|---|---|---|
| 999 |
_c150060 _d26961 |
||
| 001 | 150060 | ||
| 003 | TR-AnTOB | ||
| 005 | 20240325154051.0 | ||
| 007 | ta | ||
| 008 | 070110s1999 tu 000 0 tur | ||
| 040 |
_aTR-AnTOB _beng _erda _cTR-AnTOB |
||
| 041 | 0 | _atur | |
| 050 | 4 |
_aHF5416 _b.T66 1999 |
|
| 090 |
_aHF5416 _b.T66 1999 |
||
| 099 | _aTOBB EAN 1999 | ||
| 245 | 0 | 0 |
_aTOBB Milli Mal Numaralama Merkezi : _bEAN-UCC sistemi. |
| 246 | 3 | 4 | _aEAN-UCC sistemi : TOBB-Milli Mal Numaralama Merkezi |
| 264 | 1 |
_aAnkara : _bTOBB, _c1999. |
|
| 300 |
_a31 pages : _billustrations (some color) ; _c22 cm |
||
| 336 |
_2rdacontent _atext _btxt |
||
| 337 |
_2rdamedia _aunmediated _bn |
||
| 338 |
_2rdacarrier _avolume _bnc |
||
| 490 | 0 |
_aTürkiye Odalar ve Borsalar Birliği ; _v348. _aTSDB ; _v47 |
|
| 610 | 2 | 0 |
_aInternational Article Numbering Association _9140644 |
| 610 | 2 | 0 |
_aTürkiye Ticaret, Sanayi, Deniz Ticaret Odaları ve Ticaret Borsaları Birliği _9117931 |
| 610 | 2 | 0 |
_aUniform Code Council _9140645 |
| 650 | 7 |
_aBarkodlama _2etuturkob _911567 |
|
| 710 | 2 |
_aTürkiye Odalar ve Borsalar Birliği _918 |
|
| 942 |
_2lcc _cBK |
||